000 00533nam a2200193Ia 4500
003 IN-BaIIA
008 211028s9999 xx 000 0 eng d
040 _cIIA Library
080 _a535.375
_bBHA
100 _aBhagavantham, S.
_912864
245 0 _aScattering of light and the Raman effect
_cS. Bhagavantham
260 _aWaltair
_bAndra University
_c1940
300 _ax,333p
500 _aDonated by Mrs. Bappu
650 _aLight Scattering
_93487
650 _aNASA Thesaurus
650 _aRaman spectra
_91805
942 _cBK
999 _c7601
_d7601